000 00275nam a2200109Ia 4500
008 230907s9999||||xx |||||||||||||| ||und||
082 _a551.31
_bREM
245 0 _aRemote sensing of the cryosphere /
300 _axvii, 403 pages :
650 _aTextbooks.
_98511
942 _cBK
999 _c599102
_d599102